000 00854nam a2200217Ii 4500
003 JO-AjNU
008 230605s9999||||xx |||||||||||||| ||und||
017 _a2006/1/2791
040 _aJO-AjNU
_bara
_erda
_cJO-AjNU
041 _aara
050 1 4 _aHD31.Z4934.2006
100 3 _aزيادة،فريد فهمي,
_eauthor
_928724
245 0 0 _aالمبادىء والاصول للادارة والاعمال:التخطيط،التنظيم،الاتصال،القيادة،الرقابة،المسئولية الاجتماعية،العمليات،التسويق،التمويل،الموارد البشرية
250 _aط5
264 3 1 _aعمان:المؤلف،2006
300 _a572ص
336 _atext
_btxt
_2rdacontent
337 _aunmediated
_bn
_2rdamedia
338 _avolume
_bnc
_2rdacarrier
650 4 _aادارة الاعمال
_928725
999 _aA11176
_c14744
_d14744